Nostalgia

Bibliographic Details
Main Author: Robayah Mahmood
Format: Book
Published: Kuala Lumpur : Dewan Bahasa dan Pustaka , 1991
Subjects:

MARC

LEADER 00000cam a2200000 7i4500
001 0000001527
005 20050422.0
020 |a 9836220038 
040 |a INS 
090 0 0 |a PL5139   |b R62 1991 
100 1 |a Robayah Mahmood 
245 1 0 |a Nostalgia   |c Robayah Mahmood 
260 |a Kuala Lumpur :   |b Dewan Bahasa dan Pustaka ,   |c 1991 
300 |a 263p. ;   |c 20 cm. 
650 0 0 |a Malay fiction 
650 0 0 |a Malay literature 
999 |a 0000004884   |b BOOK   |c Open Shelf   |e Default branch